书目信息 |
| 题名: |
综合英语(二)下册考前强化训练及题解
|
|
| 作者: | 南开大学 , 谭福红 主编 | |
| 分册: | ||
| 出版信息: | 北京 中国水利水电出版社 2002.01 |
|
| 页数: | 299页 | |
| 开本: | 20cm | |
| 丛书名: | 全国高等教育自学考试指定教材(英语/外贸英语专业)辅导丛书 | |
| 单 册: | ||
| 中图分类: | H31-44 | |
| 科图分类: | ||
| 主题词: | 英语 | |
| 电子资源: | ||
| ISBN: | 7-5084-0931-0 | |
| 000 | 00832nam0 2200229 45 | |
| 001 | 0255096652 | |
| 005 | 2002041115181665 | |
| 010 | @a7-5084-0931-0@dRMB 12.00 | |
| 100 | @a20020411d2002 km y0chiy0120 ea | |
| 101 | 0 | @achi |
| 102 | @aCN@b110000 | |
| 200 | 1 | @a综合英语(二)下册考前强化训练及题解@AZong He Ying Yu(Er)Xia Ce Kao Qian Qiang Hua Xun Lian Ji Ti Jie@f南开大学,谭福红主编@FNan Kai Da Xue,Tan Fu Hong Zhu Bian |
| 210 | @a北京@c中国水利水电出版社@d2002.01 | |
| 215 | @a299页@d20cm | |
| 225 | 2 | @a全国高等教育自学考试指定教材(英语/外贸英语专业)辅导丛书 |
| 410 | 0 | @12001 @a全国高等教育自学考试指定教材(英语/外贸英语专业)辅导丛书 |
| 606 | 0 | @a英语 |
| 690 | @aH31-44@v3 | |
| 701 | 0 | @a南开大学@ANan Kai Da Xue@4主编 |
| 701 | 0 | @a谭福红@ATan Fu Hong@4主编 |
| 801 | 0 | @aCN@bPFT@c20020411 |
| 905 | @a10447@dH31-44@eN200:2:2 | |
| 综合英语(二)下册考前强化训练及题解/南开大学,谭福红主编.-北京:中国水利水电出版社,2002.01 |
| 299页;20cm.-(全国高等教育自学考试指定教材(英语/外贸英语专业)辅导丛书) |
| ISBN 7-5084-0931-0:RMB 12.00 |
| ● |
| 相关链接 |
|
|
|
正题名:综合英语(二)下册考前强化训练及题解
索取号:H31-44/N200:2:2
 
预约/预借
| 序号 | 登录号 | 条形码 | 馆藏地/架位号 | 状态 | 备注 |
| 1 | 353797 | 203537976 | 语言库209/209语言库 94排1列5层/ [索取号:H31-44/N200:2:2] | 在馆 | |
| 2 | 353798 | 203537985 | 语言库209/209语言库 94排1列5层/ [索取号:H31-44/N200:2:2] | 在馆 |